| 000 | 00626cam a22002531 4500 | ||
|---|---|---|---|
| 001 | sa 68005320 | ||
| 003 | DLC | ||
| 005 | 20260227112507.0 | ||
| 008 | 890908s1962 xx 000 0 tam | ||
| 010 | _asa 68005320 | ||
| 035 | _a(OCoLC)23569453 | ||
| 040 |
_aDLC _cMiU _dDLC |
||
| 042 | _apremarc | ||
| 050 | 0 | 0 |
_aDS451.5 _b.G65 |
| 100 | 1 | _aGovindan, K | |
| 245 | 1 | 0 | _aKalińkam kanṭa kâvalar. |
| 260 | _c[1962] | ||
| 300 |
_a143 p. _c19 cm. |
||
| 500 | _a# | ||
| 500 | _aIn Tamil. | ||
| 600 | 0 | 0 |
_aAśoka, _cKing of Magadha, _dactive 259 B.C. |
| 650 | 0 | _aKulottunga | |
| 700 | 0 |
_aChola King, _dactive 1070-1118. |
|
| 999 |
_c80652 _d80652 |
||